Hotel a jeho postavenie v incentívnom cestovnom ruchu bakalárska práca

Enregistré dans:
Détails bibliographiques
Auteur principal: Chylová, Veronika
Collectivité auteur: Obchodná fakulta EU. Katedra služieb a cestovného ruchu - zrušené
Autres auteurs: Čechovičová, Adriána
Format: Livre
Langue:slovaque
Publié: Bratislava 2009
Tags: Ajouter un tag
Pas de tags, Soyez le premier à ajouter un tag!

MARC

LEADER 00000nam$a2200000$$$4500
001 0102607
005 20240318140133.0
041 0 |a slo 
044 |a SK 
245 1 0 |a Hotel a jeho postavenie v incentívnom cestovnom ruchu  |b bakalárska práca  |c Veronika Chylová ; škol. Adriána Čechovičová 
264 1 |a Bratislava  |c 2009 
300 |a 54 s. 
100 1 |a Chylová, Veronika 
700 1 |a Čechovičová, Adriána 
710 2 |a Obchodná fakulta EU. Katedra služieb a cestovného ruchu - zrušené